Návrh stanovenia ceny konkrétneho produktu vzhľadom na jeho kvalitu vo firme MTS, s.r.o., Krivá

Uložené v:
Podrobná bibliografia
Hlavný autor: Komačka, Martin, 1986- (Autor)
Ďalší autori: Nováková, Renáta, 1968- (Vedúci práce)
Médium: Rukopis Kniha
Jazyk:Slovak
Vydavateľské údaje: STU v Bratislave MTF UPMK KIK, 2010
Predmet:
On-line prístup:VAIS
Tagy: Pridať tag
Žiadne tagy, Buďte prvý, kto otaguje tento záznam!

MARC

LEADER 00000ntm a22000003a 4500
001 stu206584
005 20160719160213.1
008 100707s2010------------------------slo-d
040 |a STU  |b slo 
041 0 |a slo 
100 1 |a Komačka, Martin,  |d 1986-  |4 aut  |X 29954  |7 A000029954 
242 0 0 |a Proposal pricing a particular product because of its quality in the company MTS, s.r.o., Krivá  |y eng 
245 1 |a Návrh stanovenia ceny konkrétneho produktu vzhľadom na jeho kvalitu vo firme MTS, s.r.o., Krivá 
260 |b STU v Bratislave MTF UPMK KIK,  |c 2010 
650 7 |a náklady  |2 stusub 
650 7 |a produkt  |2 stusub 
650 7 |a cost  |2 estusub 
650 7 |a quality  |2 estusub 
650 7 |a product  |2 estusub 
650 7 |a cena  |2 stusub 
650 7 |a price  |2 estusub 
700 1 |a Nováková, Renáta,  |d 1968-  |4 ths  |u M300  |U MTF Ústav priemyselného inžinierstva a manažmentu  |T MTF Katedra inžinierstva kvality  |X 1481  |U M300  |Y M300  |7 A000001481 
856 4 |a info a plný text  |u http://is.stuba.sk/zp/portal_zp.pl?podrobnosti=76946  |3 VAIS 
996 |c M*DP-9318  |l MMSKP  |s P  |a 0  |w stu206584_0001